Lughawīyāt /

محفوظ في:

المؤلف الرئيسي: Najjār, Muḥammad ʻAlī (مؤلف)

التنسيق: كتاب

اللغة: Arabic

منشور في: [Cairo] : Jamāʻat al-Azhar liʹl-Nashr wa-al-Tarjamah wa-al-Taʼlīf, [19--].

الموضوعات:

الوسوم: إضافة وسم

لا توجد وسوم, كن أول من يضع وسما على هذه التسجيلة!

رقم الطلب: PJ6073 .N355 v.1

LEADER 00908nam a2200229Ia 4500
003 OSt
005 20230828095917.0
008 130303q19uu ua 000 0 ara d
952 |0 0  |1 0  |2 lcc  |3 V.1  |4 0  |6 PJ6073 N355 V.00001  |7 1  |9 49750  |a ARCE  |b ARCE  |d 2023-08-28  |l 0  |o PJ6073 .N355 v.1  |p 1029206  |r 2023-08-28 00:00:00  |w 2023-08-28  |y BK 
999 |c 29373  |d 29373 
040 |c ARCE Library 
050 4 |a PJ6073 .N355 v.1 
100 1 |6 880-01  |a Najjār, Muḥammad ʻAlī,  |e author 
245 1 0 |6 880-02  |a Lughawīyāt /   |c Muḥammad ʻAlī al-Najjār. 
264 1 |a [Cairo] :  |b Jamāʻat al-Azhar liʹl-Nashr wa-al-Tarjamah wa-al-Taʼlīf,  |c [19--]. 
300 |a volume <1> ;   |c 25 cm. 
650 0 |a Arabic language  |x Lexicography. 
650 0 |a Arabic language  |x Semantics. 
880 1 |6 100-01/(3/r  |a نجار، محمد علي 
880 1 0 |6 245-02/(3/r  |a لغويات   |c محمد علي النجار 
901 |a reviewed 
942 |c BK  |2 lcc